[Event "Russian Championship B15 2016"]
[Site "Loo"]
[Date "2016.04.27"]
[Round "8.23"]
[White "Danilchenko, Dmitrij"]
[Black "Baranovskiy, Daniil"]
[Result "1-0"]
[WhiteElo "1815"]
[BlackElo "1899"]
[PlyCount "69"]
[EventDate "2016.04.20"]

1. d4 f5 2. g3 Nf6 3. Bg2 g6 4. b3 Bg7 5. Bb2 d6 6. Nd2 O-O 7. Nc4 c6 8. Nh3
Qc7 9. Nf4 Re8 10. d5 c5 11. O-O Bd7 12. a4 Na6 13. f3 Nb4 14. e4 g5 15. Ne2 g4
16. fxg4 fxe4 17. g5 Nfxd5 18. Bxg7 Kxg7 19. c3 Bg4 20. Qd2 e3 21. Qb2 Bxe2 22.
cxb4+ e5 23. Qxe2 Nxb4 24. Nxe3 Rf8 25. Qd2 Rad8 26. Nd5 Nxd5 27. Qxd5 b6 28.
Rxf8 Rxf8 29. Rf1 Rxf1+ 30. Bxf1 Kg6 31. h4 Qe7 32. Bd3+ Kg7 33. Bc4 Kg6 34.
Qg8+ Kf5 35. Bd3+ 1-0

[Event "Russian Championship B15 2016"]
[Site "Loo"]
[Date "2016.04.27"]
[Round "8.24"]
[White "Romadov, Dmitriy"]
[Black "Brin, Ilya"]
[Result "0-1"]
[WhiteElo "1533"]
[BlackElo "1862"]
[PlyCount "74"]
[EventDate "2016.04.20"]

1. e4 c5 2. Nf3 Nc6 3. d4 cxd4 4. Nxd4 Nf6 5. Nc3 e5 6. Ndb5 d6 7. Nd5 Nxd5 8.
exd5 Ne7 9. c3 Nf5 10. a4 Be7 11. Bd3 a6 12. Na3 Bg5 13. Nc4 Bxc1 14. Rxc1 O-O
15. a5 Qg5 16. Bxf5 Qxg2 17. Bxh7+ Kxh7 18. Qd3+ f5 19. Rf1 Qg5 20. Rc2 Qf6 21.
f3 Kg8 22. Kd1 Bd7 23. Nb6 Rad8 24. Rg2 Be8 25. Rfg1 Rf7 26. Rg5 Qh6 27. Qe2
Re7 28. Rxf5 e4 29. fxe4 Bg6 30. Rfg5 Bxe4 31. Rg6 Qf4 32. R6g4 Qf3 33. Rxe4
Qxe4 34. Qxe4 Rxe4 35. Kd2 Rde8 36. Rg2 Rh4 37. Kd3 Re5 0-1

[Event "Russian Championship B15 2016"]
[Site "Loo"]
[Date "2016.04.27"]
[Round "8.25"]
[White "Medvedev, Vladimir"]
[Black "Koren, Vladimir"]
[Result "0-1"]
[WhiteElo "1698"]
[BlackElo "1826"]
[PlyCount "76"]
[EventDate "2016.04.20"]

1. e4 e5 2. Nf3 Nc6 3. Nc3 Nf6 4. Bb5 Nd4 5. Bc4 Bc5 6. d3 d6 7. h3 h6 8. Nxd4
Bxd4 9. Ne2 Bb6 10. Ng3 Be6 11. Bb3 d5 12. Qe2 O-O 13. O-O Re8 14. Be3 Qd7 15.
Bxb6 axb6 16. c3 Rad8 17. Rad1 Kh8 18. d4 exd4 19. Rxd4 c5 20. Rdd1 Bf5 21. f3
Bg6 22. Qf2 Qc6 23. exd5 Nxd5 24. a3 c4 25. Ba2 Bd3 26. Rfe1 Nf4 27. Qd2 Qc5+
28. Kh2 Qc7 29. Rxe8+ Rxe8 30. Re1 Rxe1 31. Qxe1 Ne2 32. h4 Qf4 33. Kh3 Nc1 34.
Nh5 Bf5+ 35. g4 Qxf3+ 36. Kh2 Be4 37. Qd2 Ne2 38. Nf4 Qh1# 0-1

[Event "Russian Championship B15 2016"]
[Site "Loo"]
[Date "2016.04.27"]
[Round "8.26"]
[White "Dyurmenov, Beslan"]
[Black "Akochenok, Daniil"]
[Result "1/2-1/2"]
[WhiteElo "1757"]
[BlackElo "1934"]
[PlyCount "82"]
[EventDate "2016.04.20"]

1. d4 Nf6 2. c4 e6 3. Nc3 Bb4 4. e3 O-O 5. Nf3 d5 6. Be2 b6 7. a3 Bxc3+ 8. bxc3
Bb7 9. O-O Nbd7 10. cxd5 exd5 11. a4 c5 12. Ba3 Re8 13. Qc2 c4 14. Rfb1 Qc7 15.
Nd2 Re6 16. Bf3 Ne4 17. Bxe4 dxe4 18. Nf1 h5 19. Rb5 h4 20. Rh5 Qd8 21. g3 hxg3
22. hxg3 g6 23. Rh1 Nf6 24. Nh2 Kg7 25. Qe2 Qc7 26. Ng4 Nh5 27. Ne5 f6 28. g4
fxe5 29. gxh5 exd4 30. cxd4 c3 31. Rc1 a5 32. Qg4 Rf6 33. Bb2 Qc8 34. Qxc8 Rxc8
35. Rxc3 Rxc3 36. Bxc3 Rc6 37. hxg6 Kxg6 38. Ba1 Rc1+ 39. Kg2 Rxh1 40. Kxh1 Bc6
41. d5 Bxd5 1/2-1/2

[Event "Russian Championship B15 2016"]
[Site "Loo"]
[Date "2016.04.27"]
[Round "8.27"]
[White "Balanda, Maksim"]
[Black "Zakharov, Nikita"]
[Result "0-1"]
[WhiteElo "1615"]
[BlackElo "1940"]
[PlyCount "72"]
[EventDate "2016.04.20"]

1. d4 Nf6 2. Nf3 g6 3. Nbd2 c5 4. dxc5 Na6 5. e3 Nxc5 6. Be2 Bg7 7. O-O O-O 8.
c3 d5 9. c4 b6 10. cxd5 Bb7 11. Re1 Nxd5 12. Bf1 Rc8 13. Nb3 Nb4 14. Nxc5 Rxc5
15. Nd4 Rd5 16. Qb3 Na6 17. Bxa6 Bxa6 18. Nc6 Qc7 19. Qxd5 Bb7 20. Nxe7+ Qxe7
21. Qb3 Qg5 22. e4 Qh5 23. Bf4 Re8 24. f3 g5 25. Bg3 g4 26. Rad1 Bc6 27. Qc2
Qc5+ 28. Qxc5 bxc5 29. Rd2 gxf3 30. gxf3 f5 31. exf5 Rf8 32. Re7 Bf6 33. Rxa7
Bxf3 34. a4 Re8 35. a5 Bd4+ 36. Bf2 Re1# 0-1

[Event "Russian Championship B15 2016"]
[Site "Loo"]
[Date "2016.04.27"]
[Round "8.28"]
[White "Khroni, Nikita"]
[Black "Kokuev, Iljya"]
[Result "1-0"]
[WhiteElo "1688"]
[BlackElo "1446"]
[PlyCount "81"]
[EventDate "2016.04.20"]

1. e4 e5 2. Nf3 Nc6 3. Bb5 a6 4. Ba4 Nf6 5. d3 b5 6. Bb3 Be7 7. Nc3 d6 8. Nd5
O-O 9. Nxe7+ Qxe7 10. h3 Na5 11. c3 h6 12. Bc2 Bb7 13. Bd2 c5 14. c4 Nc6 15.
O-O Nd4 16. Nxd4 exd4 17. Re1 Rab8 18. Bf4 Ba8 19. e5 dxe5 20. Bxe5 Qb7 21. f3
Rbd8 22. Bxf6 gxf6 23. Qd2 Kg7 24. Re4 f5 25. Re5 bxc4 26. dxc4 Qxb2 27. Rb1
Qxa2 28. Rb6 f6 29. Re7+ Rf7 30. Rxf7+ Kxf7 31. Qxh6 Qa1+ 32. Kh2 d3 33. Bxd3
Rxd3 34. Qh7+ Ke8 35. Rb8+ Rd8 36. Qg8+ Ke7 37. Qxd8+ Kf7 38. Qd7+ Kg6 39. Rg8+
Kh6 40. Qg7+ Kh5 41. Qh8# 1-0

[Event "Russian Championship B17 1st league 2016"]
[Site "Loo"]
[Date "2016.04.27"]
[Round "8.1"]
[White "Karpenko, Artem"]
[Black "Ofitserian, Boris"]
[Result "0-1"]
[WhiteElo "2324"]
[BlackElo "2313"]
[PlyCount "62"]
[EventDate "2016.04.20"]

1. d4 Nf6 2. c4 g6 3. Nc3 d5 4. Bg5 Ne4 5. Bh4 Nxc3 6. bxc3 dxc4 7. e3 Be6 8.
Be2 Bg7 9. Nh3 Bxh3 10. gxh3 O-O 11. Bxc4 c5 12. O-O Nc6 13. Rb1 Qc8 14. Bd5
Qxh3 15. Bxc6 bxc6 16. Bxe7 Rfe8 17. Bxc5 Rad8 18. Kh1 Qf5 19. Kg2 Qg5+ 20. Kf3
Re5 21. Bxa7 Rf5+ 22. Ke2 Ra5 23. Bb8 Rxa2+ 24. Kf3 h5 25. h3 Bh6 26. Qd3 Rd5
27. Qe4 Rf5+ 28. Bf4 Qh4 29. Rb8+ Kh7 30. Kg2 Bxf4 31. Qe8 Qg3+ 0-1

[Event "Russian Championship B17 1st league 2016"]
[Site "Loo"]
[Date "2016.04.27"]
[Round "8.2"]
[White "Petrenko, Kirill"]
[Black "Azimov, Ilyas"]
[Result "1/2-1/2"]
[WhiteElo "2050"]
[BlackElo "2154"]
[PlyCount "124"]
[EventDate "2016.04.20"]

1. Nf3 Nf6 2. c4 e6 3. e3 d5 4. Nc3 c6 5. Qc2 Nbd7 6. b3 Bd6 7. Bb2 Qe7 8. Be2
a6 9. Rg1 h5 10. h3 h4 11. d4 Bb4 12. a3 Bd6 13. e4 dxe4 14. Nxe4 Nxe4 15. Qxe4
c5 16. Qg4 Qf6 17. Ng5 Be7 18. Ne4 Qg6 19. Qxg6 fxg6 20. dxc5 O-O 21. b4 a5 22.
Bg4 Nf6 23. Bf3 axb4 24. axb4 Rxa1+ 25. Bxa1 b6 26. Nd6 bxc5 27. bxc5 Ba6 28.
Be5 Nd7 29. Bd4 Bxd6 30. cxd6 Rf4 31. Be3 Rxc4 32. Kd2 Bc8 33. Rc1 Rxc1 34.
Kxc1 Ne5 35. Be4 Bd7 36. Kc2 Kf7 37. Kc3 Bc6 38. f3 Ke8 39. Bc2 Kd7 40. Bf4 Nf7
41. Bxg6 Nxd6 42. Kd3 Bb5+ 43. Ke3 Nf5+ 44. Kf2 Ke7 45. Be5 Kf8 46. f4 Bc6 47.
Bh5 Bd5 48. Bf3 Bb3 49. Bb7 Kf7 50. Kf3 Bd1+ 51. Kf2 Bb3 52. Bc3 Ba4 53. Ba8
Bc2 54. Kf3 Bd1+ 55. Ke4 Bc2+ 56. Ke5 Bb3 57. Be1 g6 58. Be4 Ba2 59. Bc6 Bb3
60. Bb7 Bc4 61. Bf2 Bb3 62. Ba8 Bc4 1/2-1/2

[Event "Russian Championship B17 1st league 2016"]
[Site "Loo"]
[Date "2016.04.27"]
[Round "8.3"]
[White "Goltsev, Dmitry"]
[Black "Spiridonov, Evgeny"]
[Result "1/2-1/2"]
[WhiteElo "2169"]
[BlackElo "2057"]
[PlyCount "82"]
[EventDate "2016.04.20"]

1. e4 c6 2. d4 d5 3. e5 Bf5 4. h4 h5 5. c4 e6 6. Nc3 Ne7 7. Bg5 Qb6 8. Qd2 Nd7
9. c5 Qc7 10. Bf4 b6 11. b4 a5 12. cxb6 Qxb6 13. b5 cxb5 14. Bxb5 Nc6 15. Nge2
Bb4 16. a3 Bxc3 17. Nxc3 Nxd4 18. Bxd7+ Kxd7 19. Na4 Qa7 20. Be3 Nc2+ 21. Qxc2
Bxc2 22. Bxa7 Bxa4 23. Be3 Rhc8 24. O-O Rc4 25. Rfb1 Bc6 26. g3 Re4 27. Rb6 g6
28. Rc1 Rc8 29. Ra6 a4 30. Bd2 Rxe5 31. Ra7+ Rc7 32. Rxc7+ Kxc7 33. Bf4 f6 34.
Bxe5+ fxe5 35. Kf1 e4 36. Ke2 Kd6 37. Rb1 Kc7 38. Kd2 d4 39. Rb4 e5 40. Rb1 Bd7
41. Rb2 Bc6 1/2-1/2

[Event "Russian Championship B17 1st league 2016"]
[Site "Loo"]
[Date "2016.04.27"]
[Round "8.4"]
[White "Navrodskiy, Boris"]
[Black "Gitelson, Arkady"]
[Result "1-0"]
[WhiteElo "2091"]
[BlackElo "2123"]
[PlyCount "67"]
[EventDate "2016.04.20"]

1. c4 Nf6 2. Nf3 g6 3. d4 c5 4. g3 Bg7 5. Bg2 O-O 6. O-O cxd4 7. Nxd4 Nc6 8.
Nc3 d6 9. e3 Bd7 10. b3 Nxd4 11. exd4 Bc6 12. d5 Bd7 13. Bb2 a6 14. Qe2 Rb8 15.
Ne4 b5 16. Nxf6+ exf6 17. Rfe1 Re8 18. Qd2 bxc4 19. bxc4 Qb6 20. Bd4 Qb4 21.
Qxb4 Rxb4 22. Rxe8+ Bxe8 23. Re1 Bd7 24. Bf1 f5 25. Bxg7 Kxg7 26. Re7 Ba4 27.
f4 Rb2 28. Ra7 Rb6 29. Kf2 Rb2+ 30. Ke3 Rxh2 31. Be2 Bc2 32. c5 dxc5 33. d6 Kf6
34. Bc4 1-0

[Event "Russian Championship B17 1st league 2016"]
[Site "Loo"]
[Date "2016.04.27"]
[Round "8.5"]
[White "Smorchkov, Danil"]
[Black "Poltoratskiy, Aleksandr"]
[Result "1-0"]
[WhiteElo "2017"]
[BlackElo "1798"]
[PlyCount "65"]
[EventDate "2016.04.20"]

1. d4 d5 2. c4 Nf6 3. cxd5 Nxd5 4. e4 Nf6 5. Nc3 e6 6. Nf3 Be7 7. Be2 O-O 8.
O-O b6 9. Re1 Bb7 10. Bf1 Re8 11. Bg5 Nbd7 12. Qd2 Nf8 13. Ne5 N6d7 14. Bxe7
Qxe7 15. Bb5 a6 16. Bc6 Bxc6 17. Nxc6 Qd6 18. d5 Ng6 19. Rad1 Nde5 20. Nxe5
Nxe5 21. dxe6 Qxe6 22. f4 Nc4 23. Qe2 Nd6 24. e5 Nb7 25. Nd5 b5 26. Kh1 Rac8
27. Qf3 c6 28. f5 Qh6 29. Nb4 a5 30. Nd3 Red8 31. f6 Rd5 32. fxg7 Kxg7 33. Qg4+
1-0

[Event "Russian Championship B17 1st league 2016"]
[Site "Loo"]
[Date "2016.04.27"]
[Round "8.6"]
[White "Postnikov, Artem"]
[Black "Tretyakov, Stepan"]
[Result "1/2-1/2"]
[WhiteElo "2147"]
[BlackElo "1967"]
[PlyCount "81"]
[EventDate "2016.04.20"]

1. d4 Nf6 2. c4 g6 3. Nc3 Bg7 4. e4 d6 5. Be2 O-O 6. Bg5 Na6 7. Qd2 e5 8. Nf3
Qe8 9. d5 Nc5 10. Qc2 h6 11. Bxf6 Bxf6 12. h4 a5 13. h5 g5 14. Nd2 c6 15. g4
Bd7 16. O-O cxd5 17. Nxd5 Bd8 18. b3 Ne6 19. a4 Nd4 20. Qd3 Be6 21. Ne3 Bb6 22.
Kg2 Qc6 23. f3 Bc5 24. Nc2 Rfc8 25. Nxd4 Bxd4 26. Rac1 Bc5 27. Rfd1 Rd8 28. Nf1
b6 29. Ng3 f6 30. Nf5 Bxf5 31. exf5 Re8 32. Qe4 Qxe4 33. fxe4 Rac8 34. Rc2 Rc7
35. Bd3 Rec8 36. Ra1 Kf7 37. Raa2 Ke8 38. Kf3 Ra8 39. Ke2 Rcc8 40. Kd2 Bb4+ 41.
Ke2 1/2-1/2

[Event "Russian Championship B17 1st league 2016"]
[Site "Loo"]
[Date "2016.04.27"]
[Round "8.7"]
[White "Voinikonis, Nikita"]
[Black "Isagov, Nariman"]
[Result "1/2-1/2"]
[WhiteElo "2168"]
[BlackElo "2057"]
[PlyCount "89"]
[EventDate "2016.04.20"]

1. d4 d6 2. Nf3 Nf6 3. c4 g6 4. Nc3 Bf5 5. Qb3 b6 6. Qa4+ Qd7 7. Qxd7+ Nbxd7 8.
Nb5 Rc8 9. Nxa7 Ra8 10. Nb5 Rc8 11. h3 Bg7 12. g4 Be4 13. Bg2 O-O 14. O-O Bb7
15. Rd1 Rfe8 16. d5 e6 17. dxe6 fxe6 18. Nc3 Bxf3 19. Bxf3 Ne5 20. Bb7 Rcd8 21.
b3 Ned7 22. Bb2 Nc5 23. Bc6 Re7 24. Rab1 Rf8 25. e3 Nfd7 26. f4 g5 27. b4 Na6
28. Ne2 e5 29. b5 Nac5 30. f5 e4 31. Bxg7 Kxg7 32. Nd4 Ne5 33. Bd5 h5 34. f6+
Rxf6 35. Nf5+ Rxf5 36. gxf5 Kf6 37. Rf1 Nf3+ 38. Kg2 Nd2 39. Rbd1 Nxf1 40. Rxf1
Re5 41. a4 Rxf5 42. Ra1 Ke5 43. a5 Nb3 44. axb6 Nxa1 45. bxc7 1/2-1/2

[Event "Russian Championship B17 1st league 2016"]
[Site "Loo"]
[Date "2016.04.27"]
[Round "8.8"]
[White "Shcherbashin, Victor"]
[Black "Vasilenok, Anton"]
[Result "0-1"]
[WhiteElo "2057"]
[BlackElo "2159"]
[PlyCount "78"]
[EventDate "2016.04.20"]

1. e4 c5 2. Nc3 Nc6 3. g3 g6 4. Bg2 Bg7 5. d3 d6 6. f4 e6 7. Nf3 Nge7 8. O-O
O-O 9. Ne2 b5 10. c3 f5 11. Be3 Rb8 12. Qc2 Bb7 13. Ng5 Qc8 14. e5 h6 15. exd6
Nd5 16. Bxd5 exd5 17. Nf3 d4 18. cxd4 cxd4 19. Qb3+ Kh7 20. Nexd4 Nxd4 21. Bxd4
Bxd4+ 22. Nxd4 Qc5 23. Qc3 Qxd6 24. Nf3 Rbd8 25. Ne5 Rc8 26. Qd2 Qd5 27. Kf2
Rc2 28. Qxc2 Qg2+ 29. Ke3 Qxc2 30. Rac1 Qxh2 31. Rc7+ Kg8 32. Rxb7 Qxg3+ 33.
Kd4 Rd8+ 34. Kc5 Qg2 35. Rf3 Qc2+ 36. Kb4 Qxb2+ 37. Ka5 Qc3+ 38. Ka6 Rd6+ 39.
Kxb5 Rd5+ 0-1

[Event "Russian Championship B17 1st league 2016"]
[Site "Loo"]
[Date "2016.04.27"]
[Round "8.9"]
[White "Zabolotnov, Evgeny"]
[Black "Anchutin, Nikita"]
[Result "1-0"]
[WhiteElo "2010"]
[BlackElo "2142"]
[PlyCount "139"]
[EventDate "2016.04.20"]

1. d4 d5 2. c4 c6 3. Nc3 Nf6 4. Nf3 dxc4 5. a4 Bf5 6. Nh4 e6 7. Nxf5 exf5 8. e3
Bd6 9. Bxc4 O-O 10. Qf3 g6 11. h3 h5 12. g4 fxg4 13. hxg4 hxg4 14. Qg2 Bb4 15.
f3 Kg7 16. fxg4 Rh8 17. Rf1 Rf8 18. Bd2 Nbd7 19. O-O-O b5 20. Ba2 Nb6 21. e4
Nc4 22. Bxc4 bxc4 23. Bg5 Be7 24. Qh3 Ng8 25. Bxe7 Qxe7 26. Rh1 Qg5+ 27. Kb1
Nh6 28. d5 Rh8 29. Qh4 Qxg4 30. Qxg4 Nxg4 31. Rxh8 Rxh8 32. dxc6 Rc8 33. Rd7
Ne5 34. Rxa7 Nxc6 35. Rd7 Kf6 36. Nd5+ Ke6 37. Rb7 g5 38. Nb6 Na5 39. Ra7 Rc5
40. Nd7 Rc8 41. Rxa5 Kxd7 42. Rxg5 Kd6 43. Rd5+ Kc6 44. Kc2 Re8 45. Rd4 Kb6 46.
Rxc4 Ka5 47. Kb3 Rb8+ 48. Ka3 Re8 49. b4+ Kb6 50. a5+ Kb5 51. Rc5+ Ka6 52. e5
Rd8 53. Ka4 Rd4 54. Rc6+ Kb7 55. Rf6 Rd7 56. a6+ Ka7 57. b5 Re7 58. Ka5 Rxe5
59. Rxf7+ Ka8 60. Kb4 Rh5 61. b6 Rh4+ 62. Kb5 Rh5+ 63. Kc6 Rh6+ 64. Kc7 Rh8 65.
Rd7 Rc8+ 66. Kd6 Rh8 67. Re7 Rh6+ 68. Kc7 Rh8 69. Kd7 Rc8 70. b7+ 1-0

[Event "Russian Championship B17 1st league 2016"]
[Site "Loo"]
[Date "2016.04.27"]
[Round "8.10"]
[White "Indzhiev, Aldar"]
[Black "Dmitriev, Maksim"]
[Result "0-1"]
[WhiteElo "2081"]
[BlackElo "1919"]
[PlyCount "108"]
[EventDate "2016.04.20"]

1. e4 e6 2. d4 d5 3. e5 c5 4. c3 Nc6 5. Nf3 Bd7 6. Bd3 Qc7 7. O-O cxd4 8. cxd4
Nb4 9. Nc3 Nxd3 10. Qxd3 Qc4 11. Qe3 Ne7 12. b3 Qc7 13. Bb2 Nf5 14. Qd3 Be7 15.
Rfc1 Qb6 16. Rab1 O-O 17. Na4 Qb5 18. Qxb5 Bxb5 19. Nc3 Bd3 20. Ra1 Rac8 21.
Na4 b6 22. g4 Nh4 23. Nxh4 Bxh4 24. Ba3 Rfe8 25. f4 g5 26. Rxc8 Rxc8 27. Rc1
Rxc1+ 28. Bxc1 gxf4 29. Bxf4 Be1 30. a3 Bc2 31. Kf1 Bh4 32. Bh6 Bxb3 33. Nc3
Be7 34. Kg2 Bxa3 35. Nb5 Bb2 36. Kg3 a6 37. Nd6 Bxd4 38. Kf4 Bb2 39. g5 Bc1+
40. Kf3 Bd1+ 41. Kg3 Ba4 42. h4 Bd7 43. Kg4 a5 44. Kh5 a4 45. Bf8 Kxf8 46. Kh6
a3 47. Kxh7 a2 48. Nxf7 Bxg5 49. hxg5 Kxf7 50. g6+ Ke7 51. g7 a1=Q 52. Kh8 Qxe5
53. Kg8 Kf6 54. Kf8 Qb8# 0-1

[Event "Russian Championship B17 1st league 2016"]
[Site "Loo"]
[Date "2016.04.27"]
[Round "8.11"]
[White "Levenshtein, Mark"]
[Black "Zakharov, Nikolay A"]
[Result "1-0"]
[WhiteElo "2062"]
[BlackElo "1942"]
[PlyCount "49"]
[EventDate "2016.04.20"]

1. b3 d5 2. Bb2 Bg4 3. f3 Bf5 4. e4 dxe4 5. Qe2 e6 6. Qb5+ Nd7 7. Qxb7 exf3 8.
Nxf3 Qc8 9. Qc6 Ne7 10. Qa4 Qb7 11. Na3 Nd5 12. O-O-O N5b6 13. Qa6 Qxa6 14.
Bxa6 Bxa3 15. Bxa3 f6 16. Nd4 Kf7 17. Rde1 Rae8 18. Nb5 Ne5 19. Nxc7 Rc8 20.
Bxc8 Rxc8 21. Bd6 Ng4 22. Rhf1 Bxc2 23. Kxc2 Nd5 24. Kb2 Nxc7 25. Rc1 1-0

[Event "Russian Championship B17 1st league 2016"]
[Site "Loo"]
[Date "2016.04.27"]
[Round "8.12"]
[White "Shkurkin, Andrey"]
[Black "Khmelev, Mikhail"]
[Result "1/2-1/2"]
[WhiteElo "2255"]
[BlackElo "1917"]
[PlyCount "145"]
[EventDate "2016.04.20"]

1. d4 Nf6 2. c4 c5 3. d5 b5 4. Qc2 d6 5. e4 bxc4 6. Bxc4 g6 7. Bd2 Bg7 8. Bc3
O-O 9. Nf3 Nbd7 10. O-O Bb7 11. Nbd2 Qb6 12. Rfe1 Ng4 13. Bxg7 Kxg7 14. Qc3+
Kg8 15. h3 Nge5 16. Nxe5 Nxe5 17. f4 Nxc4 18. Nxc4 Qb5 19. Rad1 Ba6 20. b3 Qd7
21. e5 Bxc4 22. bxc4 Qf5 23. Qd2 h5 24. exd6 exd6 25. Re7 Rfe8 26. Rde1 Rxe7
27. Rxe7 Kf8 28. Rb7 Re8 29. Rxa7 Re4 30. Ra8+ Kg7 31. Qb2+ Rd4 32. Re8 Qf6 33.
Re1 Rxc4 34. Qxf6+ Kxf6 35. Ra1 Ra4 36. g4 hxg4 37. hxg4 g5 38. fxg5+ Ke5 39.
Kf2 Kxd5 40. Ke3 Ke5 41. Kd3 Rxg4 42. a4 Rxg5 43. a5 d5 44. a6 Rg3+ 45. Ke2 Rg8
46. a7 Ra8 47. Kd3 f5 48. Ra5 f4 49. Rxc5 Rxa7 50. Rc8 Ra3+ 51. Ke2 Re3+ 52.
Kd2 Kd4 53. Rf8 Rd3+ 54. Ke2 f3+ 55. Kf2 Kc3 56. Rc8+ Kd2 57. Rd8 d4 58. Rd7
Kc2 59. Rd8 Rd1 60. Kxf3 Kd3 61. Kf2 Rc1 62. Rd7 Rd1 63. Rd8 Kc2 64. Ke2 d3+
65. Kf2 Rc1 66. Rc8+ Kd2 67. Ra8 Rc2 68. Ra1 Kc3+ 69. Ke1 Re2+ 70. Kd1 Re7 71.
Ra3+ Kd4 72. Ra8 Ke3 73. Rd8 1/2-1/2

[Event "Russian Championship B17 1st league 2016"]
[Site "Loo"]
[Date "2016.04.27"]
[Round "8.13"]
[White "Kravchenko, Daniil"]
[Black "Kolmagorov, Alexey"]
[Result "1/2-1/2"]
[WhiteElo "1876"]
[BlackElo "2037"]
[PlyCount "107"]
[EventDate "2016.04.20"]

1. d4 Nf6 2. c4 c5 3. d5 b5 4. cxb5 a6 5. f3 d6 6. e4 g6 7. Nc3 Bg7 8. a4 O-O
9. Bd2 Ne8 10. Qc1 Nd7 11. Bh6 axb5 12. Bxg7 Kxg7 13. Nxb5 Ba6 14. Ne2 Qb6 15.
Nec3 Nc7 16. Bc4 Ne5 17. b3 Bxb5 18. Nxb5 Qa5+ 19. Qd2 Nxb5 20. Qxa5 Rxa5 21.
Bxb5 c4 22. Kd2 cxb3 23. f4 Ng4 24. h3 Nf6 25. Ke3 Rc8 26. Rhc1 Raa8 27. Rc6
Rxc6 28. dxc6 d5 29. Rb1 Nxe4 30. Rxb3 Nd6 31. Kd4 e6 32. Kc5 Ne8 33. Kb6 Rb8+
34. Ka7 Rc8 35. a5 Kf8 36. Kb7 Nd6+ 37. Kb6 Ke7 38. a6 Rb8+ 39. Ka5 Kd8 40. c7+
Kxc7 41. Rc3+ Kd8 42. Bc6 Nc8 43. Bb7 Kd7 44. Kb5 h5 45. g4 hxg4 46. hxg4 f6
47. Rh3 Kd6 48. Ka5 e5 49. fxe5+ fxe5 50. Rh8 Kc7 51. Rh7+ Kd8 52. Rh8+ Kc7 53.
Rh7+ Kd8 54. Rh8+ 1/2-1/2

[Event "Russian Championship B17 1st league 2016"]
[Site "Loo"]
[Date "2016.04.27"]
[Round "8.14"]
[White "Nakonechny, Ignat"]
[Black "Nerushev, Arseniy"]
[Result "1-0"]
[WhiteElo "1857"]
[BlackElo "1982"]
[PlyCount "111"]
[EventDate "2016.04.20"]

1. Nf3 d5 2. b3 Nd7 3. Bb2 Ngf6 4. g3 e6 5. Bg2 Be7 6. O-O O-O 7. e3 b6 8. d3
Bb7 9. Nbd2 c5 10. h3 b5 11. c4 bxc4 12. dxc4 Nb6 13. Qc2 dxc4 14. bxc4 Nfd7
15. e4 Qc7 16. e5 Bc6 17. Rac1 Qb7 18. Ne1 Nb8 19. Nb3 Bxg2 20. Nxg2 Nc6 21.
Qe4 Na5 22. Qe2 Nxb3 23. axb3 a5 24. Ne3 Nc8 25. Qc2 Rb8 26. Bc3 f5 27. exf6
Bxf6 28. Bxf6 gxf6 29. Ra1 Qc7 30. Qe4 Qe7 31. Rxa5 Rxb3 32. Ra6 Nd6 33. Qc6
Nf7 34. Qxe6 Qxe6 35. Rxe6 Ne5 36. Ra1 Kf7 37. Rd6 Rc3 38. Rd5 Rc8 39. Ra7+ Kg6
40. Rd1 Rb8 41. Rc7 Nxc4 42. Nd5 Rcb3 43. Rxc5 Rb1 44. Rxb1 Rxb1+ 45. Kg2 Ne5
46. Rc7 Nf7 47. Nf4+ Kg7 48. Ne6+ Kg6 49. g4 Rb8 50. Nf4+ Kg7 51. Nh5+ Kg6 52.
Rc6 Rb7 53. Rxf6+ Kg5 54. Kg3 Rb3+ 55. f3 Nh8 56. h4# 1-0

[Event "Russian Championship B17 1st league 2016"]
[Site "Loo"]
[Date "2016.04.27"]
[Round "8.15"]
[White "Maximov, Kirill"]
[Black "Lilov, Aleksandr"]
[Result "1/2-1/2"]
[WhiteElo "1844"]
[BlackElo "1935"]
[PlyCount "140"]
[EventDate "2016.04.20"]

1. f4 d5 2. Nf3 c5 3. e3 Nf6 4. b3 e6 5. Bb2 Bd6 6. Bb5+ Bd7 7. Bxd7+ Nbxd7 8.
Ne5 Qc7 9. Nxd7 Nxd7 10. O-O O-O-O 11. Nc3 a6 12. Ne2 Rhg8 13. d4 g5 14. c4
gxf4 15. exf4 dxc4 16. bxc4 Nb6 17. Qb3 cxd4 18. Bxd4 Bc5 19. Bxc5 Qxc5+ 20.
Kh1 Rd2 21. Ng3 Qc6 22. Rg1 Nxc4 23. Rac1 b5 24. a4 h5 25. axb5 axb5 26. Qb4
Rf2 27. Ne4 Rxf4 28. Nd6+ Kd7 29. Nxb5 Rg5 30. Rcd1+ Ke8 31. Nd6+ Nxd6 32. Qxf4
Rd5 33. Rxd5 Qxd5 34. Qa4+ Kf8 35. Rd1 Qe5 36. Qa3 Ke7 37. Qa7+ Kf6 38. Qb8 Nf5
39. Qh8+ Ng7 40. Rf1+ Kg6 41. Qg8 f6 42. Qd8 Nf5 43. Qe8+ Kh6 44. Qf7 Kg5 45.
Qg8+ Kh6 46. Qc8 Kg6 47. Qc2 Qe3 48. Qd1 Qe4 49. Re1 Qd5 50. Qxd5 exd5 51. Kg1
Kg5 52. Kf2 Kf4 53. g3+ Kg5 54. Rd1 Ne7 55. Kf3 Kf5 56. Rd4 Kg5 57. h4+ Kf5 58.
Rd1 Kg6 59. Kf4 Kf7 60. g4 hxg4 61. Kxg4 Kg6 62. h5+ Kh6 63. Re1 Nc6 64. Kf5
Nd4+ 65. Kxf6 Kxh5 66. Rd1 Nf3 67. Rxd5+ Kg4 68. Ra5 Kf4 69. Ra4+ Ke3 70. Kf5
Nd4+ 1/2-1/2

[Event "Russian Championship B17 1st league 2016"]
[Site "Loo"]
[Date "2016.04.27"]
[Round "8.16"]
[White "Kiyashko, Andrey"]
[Black "Ovsyanyuk, Dmitriy"]
[Result "1/2-1/2"]
[WhiteElo "1653"]
[BlackElo "1928"]
[PlyCount "120"]
[EventDate "2016.04.20"]

1. e4 e5 2. Nf3 Nc6 3. Bc4 Nf6 4. d4 exd4 5. O-O Nxe4 6. Re1 d5 7. Bxd5 Qxd5 8.
Nc3 Qa5 9. Nxe4 Be6 10. Neg5 O-O-O 11. Nxe6 fxe6 12. Rxe6 Bd6 13. Bg5 Rde8 14.
Qe2 Kd7 15. Re1 Qxe1+ 16. Qxe1 Rxe6 17. Qd2 Rhe8 18. Kf1 h6 19. Bf4 Re2 20. Qc1
Bc5 21. Qd1 R2e4 22. Bg3 Kc8 23. Nd2 R4e6 24. Nb3 Bb6 25. f3 a5 26. Bf2 a4 27.
Nd2 Ne7 28. Ne4 Nf5 29. c3 Ne3+ 30. Bxe3 dxe3 31. Qxa4 c6 32. Qb4 Kc7 33. c4
Bd4 34. c5 Rd8 35. Ke2 b6 36. Qxb6+ Kd7 37. Qb7+ Ke8 38. Nd6+ Rdxd6 39. cxd6
Rxd6 40. b4 Kd8 41. a4 c5 42. a5 cxb4 43. Qxb4 Rd7 44. Qb8+ Ke7 45. a6 Ba7 46.
Qa8 Bb6 47. f4 Rd2+ 48. Ke1 Ba5 49. Qe4+ Kd8 50. Kf1 e2+ 51. Qxe2 Rxe2 52. Kxe2
Bb6 53. Kf3 Ke7 54. Ke4 Ke6 55. h4 Ba7 56. g4 Bb6 57. h5 Ba7 58. Kf3 Kd5 59. g5
hxg5 60. fxg5 Ke5 1/2-1/2

[Event "Russian Championship B17 1st league 2016"]
[Site "Loo"]
[Date "2016.04.27"]
[Round "8.17"]
[White "Kuzmin, Ivan"]
[Black "Zhuravlev, Stepan"]
[Result "1/2-1/2"]
[WhiteElo "1858"]
[BlackElo "2046"]
[PlyCount "76"]
[EventDate "2016.04.20"]

1. d4 d5 2. c4 e6 3. Nf3 Nf6 4. g3 c6 5. Bg2 Nbd7 6. O-O Be7 7. Qc2 O-O 8. Nbd2
b6 9. b3 Bb7 10. Bb2 Rc8 11. Qd3 c5 12. cxd5 Nxd5 13. e4 Nb4 14. Qe2 cxd4 15.
Bxd4 Nc2 16. Rad1 Nxd4 17. Nxd4 a6 18. N2f3 Qc7 19. Rd2 Ne5 20. Nxe5 Qxe5 21.
Rfd1 Rfd8 22. Nc2 Rxd2 23. Rxd2 Qc7 24. Ne3 b5 25. h4 h6 26. Kf1 Bb4 27. Rc2
Qd7 28. Rxc8+ Qxc8 29. Qc2 Qd7 30. Ke2 Ba5 31. Qd3 Qc7 32. Qc2 Qe5 33. Bf3 Qa1
34. Nd1 Qe5 35. Ne3 Qa1 36. Nd1 Qe5 37. Ne3 Qa1 38. Nd1 Qe5 1/2-1/2

[Event "Russian Championship B17 1st league 2016"]
[Site "Loo"]
[Date "2016.04.27"]
[Round "8.18"]
[White "Maltsevskiy, Nikolay"]
[Black "Valov, Eugeny"]
[Result "0-1"]
[WhiteElo "1889"]
[BlackElo "1970"]
[PlyCount "92"]
[EventDate "2016.04.20"]

1. d4 Nf6 2. c4 e6 3. Nc3 Bb4 4. Nf3 b6 5. e3 Bb7 6. Bd3 Ne4 7. Qc2 f5 8. O-O
Nxc3 9. bxc3 Bxf3 10. gxf3 Bd6 11. f4 Qh4 12. f3 g5 13. fxg5 h6 14. gxh6 Rxh6
15. f4 Nc6 16. Qf2 Qh3 17. Qg2 O-O-O 18. Qxh3 Rxh3 19. Bd2 Rg8+ 20. Kh1 Rgh8
21. Rf2 Bxf4 22. exf4 Rxd3 23. Rb1 Ne7 24. Re1 Ng8 25. d5 Nf6 26. Be3 Ne4 27.
Rg2 exd5 28. Bd4 Rh4 29. cxd5 Rxf4 30. Kg1 Nxc3 31. Bxc3 Rxc3 32. Rd2 Rg4+ 33.
Kh1 Kb7 34. Rf1 Rc5 35. h3 Rg3 36. Rxf5 Rxh3+ 37. Kg2 Rcc3 38. Rg5 Rhd3 39. Rb2
Rc5 40. Re5 Rcxd5 41. Rxd5 Rxd5 42. Re2 c5 43. Rc2 Rg5+ 44. Kf2 Rh5 45. a4 Rh2+
46. Ke3 Rxc2 0-1